000 00782cam a2200253 i 4500
999 _c67443
_d67443
001 67443
003 Mx-PuUPA
005 20221205131244.0
008 170601s2006 xxk r 000 0 eng d
020 _a0007127073
040 _erda
_aMx-PuUPA
_bspa
_cMx-PuUPA
_dMx-PuUPA
041 0 _aeng
100 1 _aMartin, Paul,
_eautor
_94761
245 1 0 _aMaking happy people :
_bthe nature of happiness and its origins in childhood /
_cPaul Martin.
264 1 _aLondon :
_bHarper Perennial,
_c2006
300 _axi, 306 páginas ;
_c20 cm.
336 _atexto
_2rdacontent
_btxt
337 _asin medio
_2rdamedia
_bn
338 _avolumen
_2rdacarrier
_bnc
650 4 _aFelicidad
650 4 _aÉxito
942 _h155.42
_iM298
_cLI
_2ddc